书目信息 |
| 题名: |
综合英语(一)上册自学辅导
|
|
| 作者: | 谭福红 主编 | |
| 分册: | ||
| 出版信息: | 北京 中国水利水电出版社 2001.08 |
|
| 页数: | 346页 | |
| 开本: | 20cm | |
| 丛书名: | ||
| 单 册: | ||
| 中图分类: | H31 | |
| 科图分类: | ||
| 主题词: | 英语 | |
| 电子资源: | ||
| ISBN: | 7-5084-0780-6 | |
| 000 | 00565nam0 2200193 45 | |
| 001 | 0238649006 | |
| 005 | 2002061910440900 | |
| 010 | @a7-5084-0780-6@dRMB 15.00 | |
| 100 | @a20020619d2001 km y0chiy0120 ea | |
| 101 | 0 | @achi |
| 102 | @aCN@b110000 | |
| 200 | 1 | @a综合英语(一)上册自学辅导@Azong he ying yu(yi)shang ce zi xue fu dao@f谭福红主编@Ftan fu hong zhu bian |
| 210 | @a北京@c中国水利水电出版社@d2001.08 | |
| 215 | @a346页@d20cm | |
| 606 | 0 | @a英语 |
| 690 | @aH31@v3 | |
| 701 | 0 | @a谭福红@Atan fu hong@4主编 |
| 801 | 0 | @aCN@bPFT@c20020619 |
| 905 | @dH31@eT100:1:1 | |
| 综合英语(一)上册自学辅导/谭福红主编.-北京:中国水利水电出版社,2001.08 |
| 346页;20cm |
| ISBN 7-5084-0780-6:RMB 15.00 |
| ● |
| 相关链接 |
|
|
|
正题名:综合英语(一)上册自学辅导
索取号:H31/T100:1:1
 
预约/预借
| 序号 | 登录号 | 条形码 | 馆藏地/架位号 | 状态 | 备注 |
| 1 | 353538 | 203535380 | 语言库209/209语言库 86排3列3层/ [索取号:H31/T100:1:1] | 在馆 | |
| 2 | 353539 | 203535399 | 语言库209/209语言库 86排3列3层/ [索取号:H31/T100:1:1] | 在馆 |